Premier League Trivia #2 - Statistics

General Stats
  • This quiz has been taken 956 times
    456 since last reset
  • The average score is 7 of 18
Answer Stats
Question Answer % Correct
During the first 21 seasons of the Premier League, which club never finished lower than third? Manchester United
82%
What is the lowest place a team can finish in the Championship in order to gain promotion to the Premier League? 6th
81%
In a list of all-time Premier League clubs, which comes last alphabetically? Wolverhampton Wanderers
72%
Which sports company is the Premier League’s official match ball supplier? Nike
70%
What collective name was given to Arsenal, Chelsea, Liverpool and Manchester United between the seasons 2003-04 and 2008-09? Big Four
60%
Which club played its first-ever Premier League match the most recently? Brentford
54%
Of all the clubs to play in the Premier League, which is the only one no longer in existence? Wimbledon
51%
Where was the first ever Premier League match outside England played? Liberty Stadium, Swansea
46%
Who is the only member of Blackburn Rovers’s 1994/95 Premier League-winning team to be appointed permanent manager of a Premier League club? Tim Sherwood
37%
Who is the only South African to win the Premier League? Quinton Fortune
34%
Name the only two men to manage Birmingham City in the Premier League. Steve Bruce
24%
Which three teams missed out on the first season of the Premier League following relegation from the old First Division? Luton Town
22%
Which club was the first in Premier League history to fire a manager? Chelsea
19%
What is the name of Sir Kenny Dalglish’s son, whom he managed whilst at Newcastle United? Paul Dalglish
18%
Alex McLeish
17%
Notts County
8%
Who is the current Chief Executive of the Premier League? Richard Masters
8%
West Ham United
7%
No matching quizzes found
Score Distribution
Percent of People with Each Score
Percentile by Number Answered
Your Score History
You have not taken this quiz since the last reset